00559 2200181 4500001002100000005001500021035002000036008004100056245010600097100002100203260003100224300002300255020001800278084001800296082001200314650003700326990001400363INLIS00000000000026120250623125441 a0010-0625000053250623 0 ind 1 aCompeting Globally :bSukses Bersaing dengan Negosiasi dan Manajemen Lintas Budaya /cFarid Elashmawi aElashmawi, Farid aJakarta :bGramedia,c2002 a378 hlm. ;c23 cm. a979-686-981-0 a658.049 FLA c a658.049 4aManajemen Bisnis - Internasional a000000285